Dario Argento's trauma /

A disturbed young woman and a former addict try to stop a serial killer.

Bibliographic Details
Corporate Authors: Overseas Film Group, Anchor Bay Entertainment, Inc
Other Authors: Argento, Dario, Klein, T. E. D., Rydell, Christopher, 1963-, Argento, Asia, 1975-, Russo, James, Johnson, Laura, 1957-, Forrest, Frederic, Laurie, Piper, 1932-
Format: Video DVD
Language:English
Language Notes:Closed-captioned.
Published: Troy, MI : Anchor Bay Entertainment, [2005]
Subjects:

MARC

Tag First Indicator Second Indicator Subfields
LEADER 00000cgm a2200000Ia 4500
001 in00002781165
005 20150922124217.0
007 vd cvaizk
008 051202s2005 miu106 g vleng d
024 1 0 |a 013131306996 
028 4 2 |a DV13069  |b Anchor Bay Entertainment 
035 |a (OCoLC)ocm62409599 
035 |a (OCoLC)62409599 
040 |a CLE  |b eng  |c CLE  |d OCLCQ  |d OCLCA  |d EMU  |d GK8  |d LRU  |d OCLCA  |d OCLCQ  |d UtOrBLW 
049 |a TXAM 
090 |a PN1995.9.S554  |b D37 2005 
245 0 0 |a Dario Argento's trauma /  |c Overseas Filmgroup presents an ADC production ; written by Dario Argento and T.E.D. Klein ; produced and directed by Dario Argento. 
246 3 0 |a Trauma 
264 1 |a Troy, MI :  |b Anchor Bay Entertainment,  |c [2005] 
300 |a 1 videodisc (106 min.) :  |b sound, color ;  |c 4 3/4 in. 
336 |a two-dimensional moving image  |b tdi  |2 rdacontent 
337 |a video  |b v  |2 rdamedia 
338 |a videodisc  |b vd  |2 rdacarrier 
538 |a DVD; region 1; Dolby digital 2.0 stereo or 5.1 surround; widescreen (1.85:1 aspect ratio). 
546 |a Closed-captioned. 
511 1 |a Christopher Rydell, Asia Argento, James Russo, Laura Johnson, Frederic Forrest, Piper Laurie. 
508 |a Director of photography, Raffaele Mertes ; editor, Bennett Goldberg ; music, Pino Donaggio. 
500 |a Based on an original story by Franco Ferrini, Gianni Romoli and Dario Argento. 
520 |a A disturbed young woman and a former addict try to stop a serial killer. 
500 |a Special features: commentary soundtrack with Alan Jones; featurette "Love, death & trauma"; on set with Tom Savini; deleted scenes; theatrical trailer; poster and still gallery; Dario Argento biography. 
500 |a Videorecording. 
650 0 |a Serial murderers  |v Drama. 
655 7 |a Slasher films.  |2 lcgft 
655 7 |a Thrillers (Motion pictures)  |2 lcgft 
655 7 |a Video recordings for the hearing impaired.  |2 lcgft 
655 7 |a Feature films.  |2 lcgft 
655 7 |a Fiction films.  |2 lcgft 
700 1 |a Argento, Dario. 
700 1 |a Klein, T. E. D. 
700 1 |a Rydell, Christopher,  |d 1963- 
700 1 |a Argento, Asia,  |d 1975- 
700 1 |a Russo, James. 
700 1 |a Johnson, Laura,  |d 1957- 
700 1 |a Forrest, Frederic. 
700 1 |a Laurie, Piper,  |d 1932- 
710 2 |a Overseas Film Group. 
710 2 |a Anchor Bay Entertainment, Inc. 
994 |a C0  |b TXA 
948 |a cataloged  |b h  |c 2012/11/6  |d c  |e blrosas  |f 12:41:54 pm 
999 |a MARS 
999 f f |s 07e519b0-3335-37f3-9039-d81384042fbe  |i 57b95ea4-431b-3e25-b3e2-dbbdc85f5ccc  |t 0 
952 f f |p dvd  |a Texas A&M University  |b College Station  |c Sterling C. Evans Library  |d Evans: Media and Reserves (Annex 1st floor)  |t 0  |e PN1995.9.S554 D37 2005  |h Library of Congress classification  |i video -- videodisc  |m A14841594706 
998 f f |a PN1995.9.S554 D37 2005  |t 0  |l Evans: Media and Reserves (Annex 1st floor)